00426nam a2200109Ia 4500008004100000245016500041260002900206260000900235300000600244650001300250856005300263170516s9999 xx 000 0 und d aFormulation and Evaluation of Antibacterial Creams and Gels Containing Metal Ions for Topical Application, Mei X. Chen, Kenneth S. Alexander, and Gabriella Baki bJournal of Pharmaceutics c2016 a: xPharmacy uhttps://www.hindawi.com/journals/jphar/contents/